000 01474nam a2200337 c 4500
999 _c207430
_d207430
003 BLK
005 20230803110419.0
008 180411b bul|||||r ||||||| ||bul||
010 _aKNG00217192000
040 _aBLK
041 _aBUL
_cBUL
080 _aТоксикология. Отравяния. Учение за отровите. Общи въпроси. Отрови - органични, неорганични, растителни, животински. Вж и 615. 009. Противоотрови вж 615. 27
_b615.9
_z615.9
080 _aОтравяния. Употребява се само като спец. определител
_b616-099
_z616-099
100 _aМонов, Александър Петров
_d1921-2013
_9251090
139 _aМонов, Александър
_bМ 87
245 1 0 _aОстри отравяния
_cАлександър Монов.
257 _aBGR
260 _bМедицина и физкултура
_c1968
_fПловдив : Д. Благоев
_aСофия
300 _a307 с.
_bс ил., 2 л. ил.
_c21 см
380 _a61
650 4 _aТоксикология
_9173744
653 _aотравяния
653 _aтоксикология
852 _aЦб 45744
856 4 _qpdf
856 4 _qpdf
942 _cKNG
_n0
_s1
944 _aCR
_c12.03.2018
_k30556
_lТеодора Пейчева-Дянкова
944 _aED
_c12.03.2018
_kТеодора_Стоянова
999 _d207430